Film con maggiori incassi di sempre: top 10 - Statistics

Statistiche generali
  • Questo quiz è stato fatto 920 volte
    718 dall'ultimo reset
  • Il punteggio medio è 5 su 10
Statistiche sulle risposte
Incasso Anno Regista Genere Film % Corretto
$ 2 847 397 339 2009 James Cameron Fantascienza Avatar
91%
$ 2 201 647 264 1997 James Cameron Drammatico, storico Titanic
84%
$ 1 518 815 515 2012 Joss Whedon Azione, supereroistico The Avengers
80%
$ 2 797 501 328 2019 Anthony e Joe Russo Azione, supereroistico Avengers: endgame
66%
$ 2 048 359 754 2018 Anthony e Joe Russo Azione, supereoistico Avengers: Infinity War
54%
$ 2 069 521 700 2015 J.J. Abrams Azione, Fantascienza Star Wars: Il risveglio della Forza
46%
$ 1 901 232 550 2021 Jon Watts Azione, supereroistico Spiderman: No Way Home
34%
$ 1 656 963 790 2019 Jon Favreau Drammatico, live action film Il re leone
22%
$ 1 670 401 444 2015 Colin Trevorrow Fantascienza, azione Jurassic World
15%
$ 1 518 815 515 2015 James Wan Azione Fast & Furious 7
13%
Nessun quiz corrispondente trovato
Distribuzione punteggi
Percentuale di utenti per punteggio
Percentile per numero di risposta
I tuoi punteggi nel tempo
Non hai fatto questo quiz dall'ultimo reset